| 000 | 00562nam a2200181 i 4500 | ||
|---|---|---|---|
| 001 | 96948 | ||
| 003 | ES-MaACL | ||
| 005 | 20230906182016.0 | ||
| 007 | t| | ||
| 008 | 050704s1932 fr ||||1| fre d | ||
| 100 | 1 |
_aMansfield, Katherine. _976116 |
|
| 245 | 1 | 0 |
_aFélicité / _cKatherine Mansfield; traduit de l'anglais par J. G. Delamain; preface de Louis Gillet. |
| 260 |
_aParis : _b[s.n.], _c1932 ( _fR. Bussiére) |
||
| 300 |
_aXIII, 245 p. ; _c19 cm. |
||
| 700 | 1 |
_aDelamain, J. G. _943303 |
|
| 700 | 1 |
_aGillet, Louis. _956970 |
|
| 852 |
_aES-MaACL _jA-3721 |
||
| 999 |
_c96948 _d96948 |
||